The Crescent in India (Record no. 52222)

MARC details
000 -LEADER
fixed length control field 00342nam a2200145Ia 4500
008 - FIXED-LENGTH DATA ELEMENTS--GENERAL INFORMATION
fixed length control field 230917s9999||||xx |||||||||||||| ||und||
040 ## - CATALOGING SOURCE
-- 37977
Original cataloging agency VIVEKANANDA LIBRARY
041 ## - Language
-- English
082 ## - DDC NUMBER
Classification number 954.02 S23C
100 ## - MAIN ENTRY--PERSONAL NAME
Personal name Sharma, S R
245 #4 - TITLE STATEMENT
Title The Crescent in India
260 ## - PUBLICATION, DISTRIBUTION, ETC. (IMPRINT)
Place of publication, distribution, etc Delhi
Name of publisher, distributor, etc Sanjay Prakashan
Date of publication, distribution, etc 1986
300 ## - PHYSICAL DESCRIPTION
Pages 310 p.
942 ## - ADDED ENTRY ELEMENTS (KOHA)
Koha item type Books
Holdings
Withdrawn status Lost status Damaged status Not for loan Location (home branch) Sublocation or collection (holding branch) Date acquired Koha issues (times borrowed) Koha full call number Accession No. Koha date last seen Koha item type
        VIVEKANANDA LIBRARY VIVEKANANDA LIBRARY 29/08/2002   954.02 S23C 121203 17/09/2023 Books
© Designed and Maintained by Vivekananda Library, MDU Rohtak